| 000 | 00396nam a2200169Ia 4500 | ||
|---|---|---|---|
| 008 | 230524s9999 xx 000 0 und d | ||
| 082 |
_a510.15 _bVAS |
||
| 100 | _aA.R.Vasishtha | ||
| 245 | 0 | _aModern Algebra | |
| 250 | _a1ST | ||
| 260 |
_aNEW DELHI _bKrishna _c1999 |
||
| 300 | _aXIII;635 | ||
| 500 | _aQuantity Number: 4 | ||
| 650 | _aMathematics | ||
| 700 | _aA.K.Vasishtha | ||
| 942 | _cBK | ||
| 999 |
_c17059 _d17059 |
||